| 000 | 00798nam a2200241Ia 4500 | ||
|---|---|---|---|
| 003 | OSt | ||
| 005 | 20220901100805.0 | ||
| 008 | 210716s2011 xx 000 0 und d | ||
| 020 | _a9789380853222 | ||
| 040 | _cAIMIT LIBRARY | ||
| 041 | _aeng | ||
| 082 |
_a574.191 _21 _bCLAJ |
||
| 100 |
_aClaycomb, James. _956280 |
||
| 245 |
_aIntroductory biophysics: _bperspectives on the living state / _cBy James Claycomb and Jonathan Quoc P Tran. |
||
| 250 | _a1st ed. | ||
| 260 |
_aBoston : _bJones and Bartlett Publishers , _c2011. |
||
| 300 |
_axiv,359p. ; _c24 cm. |
||
| 650 |
_aBuilding blocks and structure _956281 |
||
| 650 |
_aLiving state interactions _956282 |
||
| 650 |
_aLiving state thermodynamics _956283 |
||
| 700 |
_aTran, Jonathan Quoc P. _956284 |
||
| 942 |
_2ddc _cBK _e1st _k574.191 CLAJ |
||
| 999 |
_c193316 _d193316 |
||